• 首页
  • 本馆介绍
  • 公告通知
  • 最新文献
  • 馆藏检索
  • 电子资源
  • 读者导购
  • 参考咨询
  • 我的图书馆
  • 登录
  • 详细信息显示
  • 放入我的书架
  • 预约/预借图书
  • 作者相关作品
  • 分类相关作品
  • 丛书相关作品
  • 出版社相关作品

书目信息

  • 表格格式
  • 工作单格式
  • 卡片格式
题名:
中国文学史新著
    
 
作者: 章培恒 , 骆玉明 主编
分册: 下卷  
出版信息: 上海   复旦大学出版社  2007
页数: 540页
开本: 23cm
丛书名:
单 册:
中图分类: I209
科图分类:
主题词: 文学史--中国--高等学校--教材 , 文学史
电子资源:
ISBN: 978-7-309-05462-0
000 00950nam0 2200265 450
001 2656637545
005 20260413154436.35
010    @a978-7-309-05462-0@dCNY36.00
100    @a20070327d2007 em y0chiy50 ea
101 0  @achi
102    @aCN@b310000
105    @ay z 000yy
200 1  @a中国文学史新著@Azhong guo wen xue shi xin zhu@f章培恒,骆玉明主编@h下卷
205    @a增订本
210    @a上海@c复旦大学出版社@d2007
215    @a540页@d23cm
300    @a教育部重点推荐大学文科教材 本书为上海市社科规划重点项目《中国文学通史》的古代文学部分
330    @a本书描述了现代文学以前的中国文学发展过程,共分九编,内容包括:上古文学,中世文学·发轫期,中世文学·拓展期,中世文学·分化期等。
606 0  @a文学史@y中国@x高等学校@j教材
606 0  @a文学史
690    @aI209@v4
701  0 @a章培恒@Azhang pei heng@f(1934~)@4主编
701  0 @a骆玉明@Aluo yu ming@f(1951~)@4主编
801  0 @aCN@bNLC@c20101222
905    @a10447@dI209@eZW213:3
    
    中国文学史新著/章培恒,骆玉明主编.下卷.-增订本.-上海:复旦大学出版社,2007
    540页;23cm
    教育部重点推荐大学文科教材 本书为上海市社科规划重点项目《中国文学通史》的古代文学部分
    
    ISBN 978-7-309-05462-0:CNY36.00
    本书描述了现代文学以前的中国文学发展过程,共分九编,内容包括:上古文学,中世文学·发轫期,中世文学·拓展期,中世文学·分化期等。
●
相关链接 在E读中查询图书 在五车中查询图书 在当当中查询图书 在豆瓣中查询图书


正题名:中国文学史新著     索取号:I209/ZW213:3         预约/预借

序号 登录号 条形码 馆藏地/架位号 状态 备注
1 7616809   276168095   密集书库-文学院/ [索取号:I209/ZW213:3] 在馆    
唐山师范学院图书馆 欢迎您!
大连网信软件有限公司© 版权所有